| 000 | 00987nam a22002777a 4500 | ||
|---|---|---|---|
| 001 | BR8000507 | ||
| 003 | BR-BrBNA | ||
| 005 | 20230928090531.0 | ||
| 007 | ta | ||
| 008 | 230509b bl.||||| |||| 00| 0 por d | ||
| 040 |
_aBR-BrBNA _bpor _cBiblioteca Nacional de Agricultura |
||
| 041 | _a(Por) | ||
| 072 |
_aL00 _b5212 _b514 |
||
| 090 | _ 5212 BR8000507 | ||
| 110 | 1 |
_aFundacao Joao Pinheiro, Belo Horizonte, MG (Brasil); _94974 |
|
| 110 | 1 |
_aSecretaria Nacional de Planejamento Agricola, Brasilia, DF (Brasil) _99209 |
|
| 245 | 1 | _aPrograma Nacional de Pecuaria, v. 16: Bibliografia sobre o setor pecuario, periodo 1960-1978 [Brasil] | |
| 246 | 1 | _a[National Programme of Cattle Breeding, v. 16: Bibliography on the cattle breeding sector, 1960-1978 [Brazil]] | |
| 260 | 3 |
_aBelo Horizonte, MG (Brasil): _c1979. |
|
| 300 | _av. 16 (pt. 1-2) | ||
| 650 | _aProducao animal | ||
| 650 | _aPecuaria | ||
| 650 | _aBibliografia | ||
| 909 |
_a202309 _bLucia _c55 _dLucia Elande |
||
| 942 | _cBK | ||
| 999 |
_c29238 _d29238 |
||